LIBRARY & INFORMATION CENTRE, KCAET, TAVANUR

ONLINE PUBLIC ACCESS CATALOGUE (OPAC)

Lorna Doone / (Record no. 842)

MARC details
000 -LEADER
fixed length control field 00477cam a2200193ua 4500
041 ## - LANGUAGE CODE
Language code of text/sound track or separate title eng
082 ## - DEWEY DECIMAL CLASSIFICATION NUMBER
Classification number 823.308
Item number BLA/LO
100 ## - MAIN ENTRY--AUTHOR NAME
Personal name Blackmore, R D.
245 ## - TITLE STATEMENT
Title Lorna Doone /
250 ## - EDITION STATEMENT
Edition statement /
260 ## - PUBLICATION, DISTRIBUTION, ETC. (IMPRINT)
Place of publication London :
Name of publisher Oxford University Press ,
Year of publication 1962.
300 ## - PHYSICAL DESCRIPTION
Number of Pages 695 ; .
490 0# - SERIES STATEMENT
Series statement English classics,
Volume number/sequential designation
942 ## - ADDED ENTRY ELEMENTS (KOHA)
Koha item type Books
Holdings
Withdrawn status Lost status Damaged status Home library Current library Date acquired Full call number Accession Number Koha item type
Withdrawn     KAUAET KAUAET 13/11/2023 823.308 BLA/LO 11146 Books
Withdrawn     KAUAET Sanskrit University 07/04/2012 823.308 5059 Books
Withdrawn     KAUAET Sanskrit University 07/04/2012 823.308 11034 Books
free website counter